Länder und Gebiete größer als Deutschland - Statistiken

Allgemein
  • Dieses Quiz wurde 337 mal gespielt
  • Das Durchschnittsergebnis liegt bei 3 aus 15
Answers on the Grid
Answers color-coded by a green-red scale on the quiz's grid according to % correct below.
Vereinigtes Königreich (ohne Überseegebiete)
Texas (USA)
Griechenland
Syrien
Senegal
Kaspisches Meer
New South Wales (Australien)
30 000 000 Fußballfelder
Finnland
Uganda
Republik Kongo
Montana (USA)
Schweden
Norwegen
Südsudan
Italien
Neufundland und Labrador (Kanada)
New Mexico (USA)
Polen
Provinz Buenos Aires (Argentinien)
Borneo
Vietnam
Sumatra
Ostsee
Elfenbeinküste
Java
Philippinen
Spitzbergen
Grönland
Madagaskar
Rajasthan (Indien)
Oman
Burkina Faso
Ecuador
Malaysia
Simbabwe
Jemen
Atacamawüste
Honshu
Neuguinea
 
Antwortstatistiken
Antwort % Korrekt
Texas (USA)
77%
Schweden
35%
New South Wales (Australien)
33%
Kaspisches Meer
30%
Grönland
25%
Madagaskar
16%
Neufundland und Labrador (Kanada)
12%
Jemen
11%
Montana (USA)
9%
Neuguinea
9%
Südsudan
9%
Borneo
7%
Ostsee
7%
Sumatra
4%
Simbabwe
2%
Keine übereinstimmenden Quizze gefunden
Verteilung der Resultate
Anzahl Personen mit jedem Resultat
Perzentil nach korrekt beantworteten Fragen
Ihre Resultats-Entwicklung
Sie haben dieses Quiz noch nicht gespielt